000 00634nam a22002057a 4500
005 20241105111437.0
010 _aENG-141869
020 _a9789354791567
_c795.00
035 _aEN-125401
037 _bDBAD
082 _a658.150285554
100 _aPanneerselvam, R.
_973703
245 _aBusiness Statistics Using Excel/
_cBy R. Panneerselvam
246 _b
250 _a1
260 _bSage Publishing India Pvt Ltd
_aNew Delhi
_c2022
270 _bNew Delhi
_aB1/1-1 Mohan Cooperative Indutrial Area Mathura Road
_e110044
_cDelhi
300 _a648p.
_c24cm(pb)
942 _2ddc
_cEN
_h658.150285554
_mPAN
999 _c206066
_d206066